[Event "Camaguey-B"]
[Site "Camaguey"]
[Date "2010.02.07"]
[Round "11"]
[White "Calzadilla de la Cruz, Maray"]
[Black "Cabrera Ladron de Guevara, Mayra"]
[Result "1/2-1/2"]
[WhiteElo "2039"]
[BlackElo "1978"]
[PlyCount "24"]
[EventDate "2010.02.02"]
[EventType "tourn"]
[EventRounds "11"]
[EventCountry "CUB"]
[SourceTitle "CBM 135 Extra"]
[Source "ChessBase"]
[SourceDate "2010.05.04"]
[SourceVersion "1"]
[SourceVersionDate "2010.05.04"]
[SourceQuality "1"]

1. e4 e5 2. Nf3 Nc6 3. Bb5 a6 4. Ba4 Nf6 5. 0-0 b5 6. Bb3 Bc5 7. c3 d6 8. d3 Bg4 9. h3 Bh5 10. Bg5 Na5 11. Bc2 Bb6 12. g4 Bg6 1/2-1/2

[Event "Camaguey-B"]
[Site "Camaguey"]
[Date "2010.02.05"]
[Round "7"]
[White "Calzadilla de la Cruz, Maray"]
[Black "Gonzalez Ochoa, Yoana"]
[Result "0-1"]
[WhiteElo "2039"]
[BlackElo "2024"]
[PlyCount "86"]
[EventDate "2010.02.02"]
[EventType "tourn"]
[EventRounds "11"]
[EventCountry "CUB"]
[SourceTitle "CBM 135 Extra"]
[Source "ChessBase"]
[SourceDate "2010.05.04"]
[SourceVersion "1"]
[SourceVersionDate "2010.05.04"]
[SourceQuality "1"]

1. e4 c5 2. c3 d5 3. exd5 Qxd5 4. Nf3 Nc6 5. Be2 Bg4 6. 0-0 e6 7. d4 Nf6 8. Be3 cxd4 9. Nxd4 Ne5 10. Nd2 Bxe2 11. Qxe2 Be7 12. Qb5+ Nc6 13. Rfd1 Qxb5 14. Nxb5 0-0 15. Nc4 Nd5 16. Bd2 a6 17. Nba3 b5 18. Ne3 Bxa3 19. bxa3 Rfd8 20. Nxd5 Rxd5 21. Be1 Rad8 22. Rxd5 Rxd5 23. Kf1 Kf8 24. Rb1 Ke7 25. a4 Kd6 26. axb5 axb5 27. Ke2 Kc5 28. Bd2 Kc4 29. Ra1 Rd8 30. Kd1 Kd3 31. Rb1 Rd5 32. Ra1 Ne5 33. Be1 Nc4 34. Kc1 Re5 35. Kd1 Nb2+ 36. Kc1 Rxe1+ 37. Kxb2 Rxa1 38. Kxa1 Kxc3 39. Kb1 e5 40. Kc1 e4 41. h3 f5 42. g3 b4 43. h4 g6 0-1